Three Movies: 'M' Actors Quiz Stats

 Plays Quiz Updated Dec 20, 2014

Challenge
Share
Tweet
Embed
Score 0/30 Timer 07:00
6 Plays Today
% Correct
Eddie Murphy
96.4%
Bill Murray
96.3%
Tobey Maguire
91.3%
Marilyn Monroe
91%
Steve Martin
90.9%
Mike Myers
90.5%
Demi Moore
90.4%
Ewan McGregor
87.1%
Rachel McAdams
84.2%
Andie MacDowell
80.7%
Helen Mirren
80.5%
Steve McQueen
78.5%
Walter Matthau
78.1%
Liza Minnelli
76.4%
Eva Mendes
74.5%
% Correct
Viggo Mortensen
74.2%
Frances McDormand
73.3%
John Malkovich
72%
Ian McKellen
71.2%
Julianne Moore
70.3%
Shirley MacLaine
70%
Bette Midler
69.1%
James McAvoy
64.6%
Carrie-Anne Moss
64.1%
Carey Mulligan
56.8%
Cillian Murphy
53.6%
Kyle MacLachlan
49.1%
Robert Mitchum
47.7%
Virginia Madsen
42.8%
Natascha McElhone
36.4%

You're not logged in!

Compare scores with friends on all Sporcle quizzes.
Join for Free
OR
Log In

You Might Also Like...

Show Comments

Extras

Top Quizzes Today


Score Distribution

Your Account Isn't Verified!

In order to create a playlist on Sporcle, you need to verify the email address you used during registration. Go to your Sporcle Settings to finish the process.

Report this User

Report this user for behavior that violates our Community Guidelines.

Details: